logo

Bir Sreshtho Munshi Abdur Rouf Library
Jhenaidah Cadet College

Cabalva farm / (Record no. 6564)

MARC details
000 -LEADER
fixed length control field 00536nam a22002173 4500
001 - CONTROL NUMBER
JCCL Control Number 6564
003 - CONTROL NUMBER IDENTIFIER
JCCL marc code (BD-JhCC)
005 - DATE AND TIME OF LATEST TRANSACTION
control field 20180418183023.0
008 - FIXED-LENGTH DATA ELEMENTS--GENERAL INFORMATION
fixed length control field 970303s1959 enk 000 1 eng d
035 ## - SYSTEM CONTROL NUMBER
system control number OCLC pks04067788 from D970303K
040 ## - CATALOGING SOURCE
Original cataloging agency EQO
Transcribing agency EQO
Modifying agency BD-JhCC
041 ## - LANGUAGE CODE
Language code of Book eng
082 ## - DEWEY DECIMAL CLASSIFICATION NUMBER
Classification number 823.06
Author mark and Year STE 1959
100 1# - MAIN ENTRY--PERSONAL NAME
Personal name Stephens, Robert Radford.
245 10 - TITLE STATEMENT
Title Cabalva farm /
Statement of responsibility, etc R R Stephens
260 ## - PUBLICATION, DISTRIBUTION, ETC. (IMPRINT)
Place of publication, distribution, etc Lond. &c.,
Date of publication, distribution, etc 1959.
300 ## - PHYSICAL DESCRIPTION
Pagination 190 p. :
Dimensions 20cm.
650 ## - SUBJECT ADDED ENTRY--TOPICAL TERM
Topical term or geographic name as entry element English Fiction
942 ## - ADDED ENTRY ELEMENTS (KOHA)
Source of classification or shelving scheme Dewey Decimal Classification
Koha item type Books
Holdings
Source of classification or shelving scheme Damaged status Not for loan Home library Current library Shelving location Total Checkouts Full call number Barcode Date last seen Copy number Koha item type Date of accession
Dewey Decimal Classification     JCC Rouf Library JCC Rouf Library General Stacks   823.06 STE 1959 8984 01/25/2018 C-1 Books  
Dewey Decimal Classification     JCC Rouf Library JCC Rouf Library General Stacks   823.06 STE 1959 9330 01/30/2018 C-2 Books 01/30/2018

JCC Library | Contacts | JCC Home

Last Update on 23 September 2017
Copyright @ 2017-2020 JCC Rouf Library
Rouf Library, Jhenidah Cadet College (JCC), Bangladesh